01000nam a22002057a 450000500170000000800410001702000180005804100080007608200180008410000340010224501940013626001530033030000440048350400520052765000480057965000770062770000220070470000340072670000340076020160811150257.0140512s2013 ck abd gr 00010 spa d a9789588448534 aspa04a304.25bV66g 1 aVides-Casado, Martha Patricia10aGestión costera como respuesta al ascenso del nivel del mar : bguía para administradores de la zona costera del Caribe / cMartha VIdes, Paula Cristina Sierra-Correa y Lorena Cortés. aBogotá : bDepartamento Administrativo de Ciencia, Tecnología e Innovación : bInstituto de Investigaciones Marinas y Costeras INVEMAR.c2013. a75 p.bil. mapas, gráficos ; c30 cm. aIncluye referencias bibliográficas (p. 68-72) 4aNivel del marz Caribe (Región, Colombia) 4aCambios climáticosx Efectos ambientalesz Caribe (Región, Colombia)1 aCortés, Lorena.1 aVides, Martha Patricia, eed.1 aSierra-Correa, Paula Cristina